000 00367nam a2200121 a 4500
001 000045693
005 20201002052407.0
008 150428s2004 000 spa d
040 _aDO-SdBNP
_bspa
_cBNPHU
245 0 _aRed fronteriza jano siksé : para la defensa y promoción de los derechos humanos.
260 _as.l, :
_bs. n.,
_cs. f.
300 _a36 p. : ;
_c22 cm.
999 _c45182
_d45182